[Event "Hessenliga 1819"]
[Site "Hessen"]
[Date "2019.02.03"]
[Round "5.2"]
[White "Bollmann, Henrik"]
[Black "Luechtemeier, Peter"]
[Result "1/2-1/2"]
[WhiteElo "2103"]
[BlackElo "2164"]
[PlyCount "68"]
[EventDate "2018.09.23"]
[EventType "team-tourn"]
[EventRounds "9"]
[EventCountry "GER"]
[SourceTitle "EXT 2020"]
[Source "ChessBase"]
[SourceDate "2019.10.17"]
[SourceVersion "1"]
[SourceVersionDate "2019.10.17"]
[SourceQuality "1"]
[WhiteTeam "Bad Nauheim"]
[BlackTeam "Kassel"]
[WhiteTeamCountry "GER"]
[BlackTeamCountry "GER"]

1. c4 c6 2. Nf3 d5 3. cxd5 cxd5 4. d4 Nf6 5. Nc3 Nc6 6. Bf4 a6 7. Rc1 Bf5 8. Ne5 Qb6 9. Nxc6 bxc6 10. Na4 Qb4+ 11. Bd2 Qxd4 12. e3 Qh4 13. g3 Qe4 14. f3 Qe5 15. Rxc6 g6 16. Rxa6 Rxa6 17. Bxa6 Bh6 18. Bb5+ Kf8 19. Qe2 Kg7 20. Kf2 d4 21. exd4 Qxd4+ 22. Be3 Bxe3+ 23. Qxe3 Qd5 24. Nc3 Ng4+ 25. fxg4 Qxh1 26. Qe5+ f6 27. Qxe7+ Kh6 28. Qe3+ g5 29. gxf5 Qxh2+ 30. Kf1 Qxb2 31. Qd4 Kg7 32. Qd7+ Kh6 33. Qd4 Kg7 34. Qd7+ Kh6 1/2-1/2

[Event "Hessenliga 1819"]
[Site "Hessen"]
[Date "2018.09.23"]
[Round "1.2"]
[White "Luechtemeier, Peter"]
[Black "Thomsen, Phil"]
[Result "0-1"]
[WhiteElo "2164"]
[BlackElo "2134"]
[PlyCount "72"]
[EventDate "2018.09.23"]
[EventType "team-tourn"]
[EventRounds "9"]
[EventCountry "GER"]
[SourceTitle "EXT 2020"]
[Source "ChessBase"]
[SourceDate "2019.10.17"]
[SourceVersion "1"]
[SourceVersionDate "2019.10.17"]
[SourceQuality "1"]
[WhiteTeam "Kassel"]
[BlackTeam "Bensheim"]
[WhiteTeamCountry "GER"]
[BlackTeamCountry "GER"]

1. d4 Nf6 2. Nf3 e6 3. c4 b6 4. e3 Be7 5. Bd3 Bb7 6. 0-0 0-0 7. b3 c5 8. Bb2 cxd4 9. exd4 d5 10. Nbd2 Nbd7 11. Qe2 Rc8 12. Ne5 dxc4 13. bxc4 Nxe5 14. dxe5 Nd7 15. Rfd1 Qc7 16. Rac1 Rfd8 17. Bb1 Nc5 18. Qh5 Nd3 19. Qh3 Bxg2 20. Qxd3 Rxd3 21. Bxd3 Rd8 22. Be2 Bb7 23. Nf3 Qc6 24. Rxd8+ Bxd8 25. Ba3 g5 26. Rd1 Bc7 27. Bd6 Qe4 28. Kf1 g4 29. Rd4 Qb1+ 30. Ne1 Bg2+ 31. Kxg2 Qxe1 32. Rxg4+ Kh8 33. Bd3 Bxd6 34. exd6 Qe5 35. Rh4 f5 36. Rh6 Kg7 0-1

[Event "Hessenliga 1718"]
[Site "Hessen"]
[Date "2018.02.18"]
[Round "7.3"]
[White "Merkle, Egon"]
[Black "Luechtemeier, Peter"]
[Result "1/2-1/2"]
[WhiteElo "2160"]
[BlackElo "2188"]
[PlyCount "24"]
[EventDate "2017.09.17"]
[EventType "team-tourn"]
[EventRounds "9"]
[EventCountry "GER"]
[SourceTitle "CBM 189 Extra"]
[Source "ChessBase"]
[SourceDate "2019.06.03"]
[SourceVersion "1"]
[SourceVersionDate "2019.06.03"]
[SourceQuality "1"]
[WhiteTeam "Bad Homburg"]
[BlackTeam "Kassel II"]
[WhiteTeamCountry "GER"]
[BlackTeamCountry "GER"]

1. Nf3 d5 2. c4 e6 3. d4 c6 4. e3 Nf6 5. Nc3 Nbd7 6. Bd3 dxc4 7. Bxc4 b5 8. Bd3 a6 9. 0-0 c5 10. Qe2 Bb7 11. Rd1 Qb6 12. b3 Rc8 1/2-1/2

[Event "Oberliga Ost-B 1718"]
[Site "Germany"]
[Date "2018.02.03"]
[Round "6.7"]
[White "Luechtemeier, Peter"]
[Black "Neubauer, Andreas"]
[Result "0-1"]
[WhiteElo "2188"]
[BlackElo "2145"]
[PlyCount "70"]
[EventDate "2017.10.22"]
[EventType "team-tourn"]
[EventRounds "11"]
[EventCountry "GER"]
[SourceTitle "EXT 2019"]
[Source "ChessBase"]
[SourceDate "2018.10.10"]
[SourceVersion "1"]
[SourceVersionDate "2018.10.10"]
[SourceQuality "1"]
[WhiteTeam "Kassel"]
[BlackTeam "Stadtilm Blau Weiss"]
[WhiteTeamCountry "GER"]
[BlackTeamCountry "GER"]

1. d4 Nf6 2. Nf3 d5 3. c4 e6 4. Bg5 Be7 5. e3 0-0 6. Nc3 Nbd7 7. cxd5 exd5 8. Bd3 b6 9. 0-0 Bb7 10. Rc1 c5 11. Qe2 Re8 12. Rfd1 c4 13. Bf5 h6 14. Bh4 g6 15. Bb1 a6 16. a4 Qb8 17. Ba2 b5 18. Bg3 Qd8 19. axb5 axb5 20. Bb1 Qb6 21. Ne5 b4 22. Nxd5 Bxd5 23. Nxc4 Qe6 24. Nd2 Bf8 25. Rc7 Nh5 26. Qb5 Nxg3 27. hxg3 Nf6 28. Nf3 Bd6 29. Rcc1 Rab8 30. Qa6 Ng4 31. e4 Bb7 32. d5 Bxa6 33. dxe6 Rxe6 34. Rc6 Bxg3 35. Rxe6 Bxf2+ 0-1

[Event "Hessenliga 1718"]
[Site "Hessen"]
[Date "2017.12.03"]
[Round "4.3"]
[White "Luechtemeier, Peter"]
[Black "Bahlke, Philipp"]
[Result "1/2-1/2"]
[WhiteElo "2188"]
[BlackElo "2039"]
[PlyCount "147"]
[EventDate "2017.09.17"]
[EventType "team-tourn"]
[EventRounds "9"]
[EventCountry "GER"]
[SourceTitle "CBM 189 Extra"]
[Source "ChessBase"]
[SourceDate "2019.06.03"]
[SourceVersion "1"]
[SourceVersionDate "2019.06.03"]
[SourceQuality "1"]
[WhiteTeam "Kassel II"]
[BlackTeam "Dettingen"]
[WhiteTeamCountry "GER"]
[BlackTeamCountry "GER"]

1. d4 Nf6 2. c4 g6 3. Nc3 d5 4. Nf3 Bg7 5. h4 dxc4 6. e4 c5 7. d5 Qa5 8. Bd2 b5 9. e5 Ng4 10. d6 b4 11. Bxc4 e6 12. Nb5 0-0 13. a3 Nd7 14. axb4 Qb6 15. Nc7 Rb8 16. Na6 cxb4 17. Qe2 Bxa6 18. Rxa6 Qc5 19. b3 Ndxe5 20. Nxe5 Qxe5 21. Qxe5 Bxe5 22. Ke2 Bd4 23. f3 Ne5 24. Bd3 Rfd8 25. Bg5 Rd7 26. Be7 Nxd3 27. Kxd3 Bc3 28. h5 Rb5 29. hxg6 hxg6 30. Rc6 Kg7 31. Rc8 g5 32. Rhh8 Rd5+ 33. Ke3 Kg6 34. Rcg8+ Bg7 35. Rd8 Rxd8 36. Rxd8 Bd4+ 37. Ke2 Bc5 38. Rb8 Bxd6 39. Bxd6 Rxd6 40. Rxb4 f5 41. Ra4 a6 42. b4 Kh5 43. Kf2 f4 44. Ra5 Rb6 45. g3 fxg3+ 46. Kxg3 Kg6 47. Kf2 Kf6 48. Ke3 e5 49. Rc5 Ke6 50. Ra5 Kf5 51. Ra2 Rh6 52. Rc2 Rh3 53. Rc4 Rh1 54. Rc6 Ra1 55. Rb6 Ra3+ 56. Kf2 g4 57. fxg4+ Kxg4 58. b5 a5 59. Rc6 Rb3 60. Rc5 Kf4 61. b6 Rb2+ 62. Ke1 a4 63. Rc4+ Ke3 64. Rc3+ Kd4 65. Ra3 Rxb6 66. Rxa4+ Ke3 67. Ra3+ Kf4 68. Ra4+ e4 69. Ra3 Rb2 70. Rc3 Rb1+ 71. Ke2 Rh1 72. Ra3 Rh2+ 73. Ke1 e3 74. Ra8 1/2-1/2

[Event "Oberliga Ost-B 1617"]
[Site "Germany"]
[Date "2017.02.19"]
[Round "7.8"]
[White "Luechtemeier, Peter"]
[Black "Pichl, Michael"]
[Result "1/2-1/2"]
[WhiteElo "2190"]
[BlackElo "2055"]
[PlyCount "83"]
[EventDate "2016.10.16"]
[EventType "team-tourn"]
[EventRounds "11"]
[EventCountry "GER"]
[SourceTitle "EXT 2018"]
[Source "ChessBase"]
[SourceDate "2017.10.13"]
[SourceVersion "1"]
[SourceVersionDate "2017.10.13"]
[SourceQuality "1"]
[WhiteTeam "Kassel"]
[BlackTeam "Erfurt Empor"]
[WhiteTeamCountry "GER"]
[BlackTeamCountry "GER"]

1. d4 g6 2. Nf3 Bg7 3. g3 d6 4. Bg2 a6 5. 0-0 Nc6 6. h3 Rb8 7. a4 e5 8. Bg5 f6 9. Be3 e4 10. Ne1 f5 11. c4 Nf6 12. Nc3 0-0 13. Nc2 Qe8 14. b4 Qf7 15. d5 Ne5 16. Na3 h6 17. Bd4 Nh5 18. Kh2 Bd7 19. Qd2 Rbe8 20. Rad1 g5 21. Qa2 Nf6 22. c5 Qh5 23. Nc4 Neg4+ 24. Kg1 f4 25. f3 exf3 26. exf3 Ne5 27. g4 Qf7 28. Nxe5 dxe5 29. Bf2 e4 30. Nxe4 Nxe4 31. fxe4 f3 32. Bg3 Rxe4 33. Rxf3 Rf4 34. Bxf4 gxf4 35. Rff1 h5 36. Bf3 hxg4 37. hxg4 Re8 38. Rfe1 Re3 39. Rxe3 fxe3 40. Qe2 Qf4 41. Rd3 Bd4 42. Kg2 1/2-1/2

[Event "Oberliga Ost-B 1516"]
[Site "Germany"]
[Date "2016.04.10"]
[Round "11.7"]
[White "Barpiyeva, Gulsana"]
[Black "Luechtemeier, Peter"]
[Result "1/2-1/2"]
[WhiteElo "2102"]
[BlackElo "2199"]
[PlyCount "25"]
[EventDate "2015.09.20"]
[EventType "team-tourn"]
[EventRounds "11"]
[EventCountry "GER"]
[SourceTitle "EXT 2017"]
[Source "ChessBase"]
[SourceDate "2016.10.25"]
[SourceVersion "1"]
[SourceVersionDate "2016.10.25"]
[SourceQuality "1"]
[WhiteTeam "Frankfurt BvK"]
[BlackTeam "Kassel"]
[WhiteTeamCountry "GER"]
[BlackTeamCountry "GER"]

1. Nf3 d5 2. g3 c6 3. Bg2 Bg4 4. d3 Nf6 5. Nbd2 Nbd7 6. 0-0 e6 7. c4 Bd6 8. Qc2 0-0 9. b3 e5 10. e4 Re8 11. Bb2 a5 12. a3 d4 13. h3 1/2-1/2

[Event "Oberliga Ost-B 1415"]
[Site "Germany"]
[Date "2015.02.22"]
[Round "8.8"]
[White "Luechtemeier, Peter"]
[Black "Kuban, Guenter"]
[Result "1-0"]
[WhiteElo "2198"]
[BlackElo "2192"]
[PlyCount "80"]
[EventDate "2014.09.21"]
[EventType "team-tourn"]
[EventRounds "11"]
[EventCountry "GER"]
[SourceTitle "EXT 2016"]
[Source "ChessBase"]
[SourceDate "2015.10.08"]
[SourceVersion "1"]
[SourceVersionDate "2015.10.08"]
[SourceQuality "1"]
[WhiteTeam "Kassel"]
[BlackTeam "Oberursel"]
[WhiteTeamCountry "GER"]
[BlackTeamCountry "GER"]

1. d4 d5 2. c4 e6 3. Nc3 c6 4. e3 f5 5. g4 fxg4 6. Qxg4 Nf6 7. Qg2 g6 8. Bd3 Na6 9. a3 Bg7 10. Nge2 Nc7 11. Bd2 Bd7 12. e4 0-0 13. 0-0-0 dxc4 14. Bxc4 b5 15. Bd3 b4 16. axb4 a5 17. bxa5 Rxa5 18. e5 Ra1+ 19. Kc2 Rxd1 20. Rxd1 Nfd5 21. Ne4 Qa8 22. Nc5 Rb8 23. Bc4 Bc8 24. Qh3 Nb4+ 25. Kb1 Ncd5 26. Qb3 Na6 27. Qa4 Nxc5 28. Qxa8 Rxa8 29. dxc5 Bxe5 30. f4 Bg7 31. Kc2 Rb8 32. Nc3 Bd4 33. Na4 Kf7 34. Re1 Ra8 35. Bxd5 exd5 36. Nb6 Bf5+ 37. Kb3 Rb8 38. Bb4 Bf2 39. Ra1 Bd3 40. Ra7+ Ke6 1-0

[Event "Oberliga Ost-B 1415"]
[Site "Germany"]
[Date "2015.02.21"]
[Round "9.8"]
[White "Luechtemeier, Peter"]
[Black "Engelmann, Jakob"]
[Result "0-1"]
[WhiteElo "2198"]
[BlackElo "2182"]
[PlyCount "52"]
[EventDate "2014.09.21"]
[EventType "team-tourn"]
[EventRounds "11"]
[EventCountry "GER"]
[SourceTitle "EXT 2016"]
[Source "ChessBase"]
[SourceDate "2015.10.08"]
[SourceVersion "1"]
[SourceVersionDate "2015.10.08"]
[SourceQuality "1"]
[WhiteTeam "Kassel"]
[BlackTeam "Sangerhausen"]
[WhiteTeamCountry "GER"]
[BlackTeamCountry "GER"]

1. d4 Nf6 2. Nf3 e6 3. c4 c5 4. Nc3 cxd4 5. Nxd4 Nc6 6. a3 Be7 7. e4 d6 8. Be2 0-0 9. 0-0 Nxd4 10. Qxd4 b6 11. Be3 Bb7 12. Rfd1 Rc8 13. e5 dxe5 14. Qxe5 Nd7 15. Qg3 Bc6 16. c5 Bxc5 17. Ba6 Ra8 18. Bxc5 bxc5 19. Rd6 Qc7 20. Rad1 Nf6 21. Qe5 Nd7 22. Qg3 Nf6 23. Qe5 Bb7 24. Nb5 Qc8 25. Bxb7 Qxb7 26. Qxc5 Ne4 0-1

[Event "Hessen-chA"]
[Site "Korbach"]
[Date "2013.03.30"]
[Round "7"]
[White "Grass, Ernest"]
[Black "Luechtemeier, Peter"]
[Result "1/2-1/2"]
[WhiteElo "1936"]
[BlackElo "2214"]
[PlyCount "84"]
[EventDate "2013.03.27"]
[EventType "swiss"]
[EventRounds "7"]
[EventCountry "GER"]
[SourceTitle "EXT 2014"]
[Source "ChessBase"]
[SourceDate "2013.11.20"]
[SourceVersion "1"]
[SourceVersionDate "2013.11.20"]
[SourceQuality "1"]

1. e4 c6 2. Nc3 d5 3. Nf3 Bg4 4. h3 Bxf3 5. Qxf3 e6 6. exd5 cxd5 7. d4 Nc6 8. Bb5 Qb6 9. Qe3 Bb4 10. Bd2 Nge7 11. 0-0 0-0 12. Bxc6 Nxc6 13. Ne2 Bxd2 14. Qxd2 Qxb2 15. Rfb1 Qa3 16. Rxb7 Rab8 17. Rb3 Qa5 18. Qxa5 Nxa5 19. Ra3 Nc6 20. Rb3 Rb6 21. Rxb6 axb6 22. Rb1 Rb8 23. a4 Kf8 24. Kf1 Na5 25. c3 Nc4 26. Ke1 Ra8 27. Rb4 b5 28. Rxb5 Rxa4 29. f3 Ra1+ 30. Kf2 Ra2 31. Rb7 Nd6 32. Rb3 Nf5 33. g4 Nh4 34. Rb1 g5 35. Rc1 Ng6 36. Ke3 Ne7 37. f4 gxf4+ 38. Nxf4 Rh2 39. Kf3 Nc6 40. Kg3 Rd2 41. Rf1 Ke7 42. Kh4 Rc2 1/2-1/2

[Event "Hessen-chA"]
[Site "Korbach"]
[Date "2013.03.28"]
[Round "2"]
[White "Luechtemeier, Peter"]
[Black "Wolff, Peter"]
[Result "0-1"]
[WhiteElo "2214"]
[BlackElo "1997"]
[PlyCount "84"]
[EventDate "2013.03.27"]
[EventType "swiss"]
[EventRounds "7"]
[EventCountry "GER"]
[SourceTitle "EXT 2014"]
[Source "ChessBase"]
[SourceDate "2013.11.20"]
[SourceVersion "1"]
[SourceVersionDate "2013.11.20"]
[SourceQuality "1"]

1. d4 d5 2. c4 c6 3. Nf3 Nf6 4. e3 Bg4 5. h3 Bxf3 6. Qxf3 e6 7. Nc3 Nbd7 8. Bd3 Be7 9. 0-0 0-0 10. b3 Qa5 11. Bd2 Qb6 12. Rad1 Bb4 13. Rc1 Rac8 14. c5 Qa5 15. a3 Bxc3 16. Bxc3 Qc7 17. b4 Rfe8 18. Bb1 Nf8 19. a4 Ng6 20. Bc2 Nh4 21. Qe2 Qe7 22. g3 Ng6 23. Qf3 Nd7 24. Rfe1 Qg5 25. Qg2 f5 26. Rb1 a6 27. Bd3 Qf6 28. Rec1 Ra8 29. Qf1 Qg5 30. Kh2 h5 31. h4 Qe7 32. Be2 Nf6 33. Qd1 Ng4+ 34. Kg2 Rf8 35. Qd2 Nxh4+ 36. gxh4 Qxh4 37. Bf3 Qh2+ 38. Kf1 f4 39. Bxg4 hxg4 40. exf4 Rxf4 41. Qe3 Raf8 42. Rb2 Re4 0-1

[Event "Hessen-chA"]
[Site "Korbach"]
[Date "2013.03.27"]
[Round "1"]
[White "Ehmann, Thilo"]
[Black "Luechtemeier, Peter"]
[Result "1/2-1/2"]
[WhiteElo "1900"]
[BlackElo "2214"]
[PlyCount "87"]
[EventDate "2013.03.27"]
[EventType "swiss"]
[EventRounds "7"]
[EventCountry "GER"]
[SourceTitle "EXT 2014"]
[Source "ChessBase"]
[SourceDate "2013.11.20"]
[SourceVersion "1"]
[SourceVersionDate "2013.11.20"]
[SourceQuality "1"]

1. e4 c6 2. c4 d5 3. exd5 cxd5 4. cxd5 Nf6 5. d4 Nxd5 6. Nc3 Nc6 7. Nf3 Bg4 8. h3 Bxf3 9. Qxf3 e6 10. Bb5 Be7 11. 0-0 0-0 12. Rd1 Qb6 13. Nxd5 exd5 14. Bd3 Nxd4 15. Qxd5 Bf6 16. Be3 Rad8 17. Qe4 g6 18. Rab1 Rfe8 19. Qg4 Qd6 20. Rd2 h5 21. Qd1 Qe5 22. Bc4 Nf5 23. Qb3 Nxe3 24. Bxf7+ Kg7 25. Rxd8 Rxd8 26. fxe3 Qe4 27. Rf1 Rd2 28. Rf2 Qb1+ 29. Rf1 Qe4 30. Rf2 Qb1+ 31. Rf1 Qxb2 32. Qxb2 Rxb2 33. Bd5 b5 34. Rf2 Rb1+ 35. Rf1 Rb2 36. Rf2 Rb1+ 37. Rf1 Rb4 38. Rf4 Rxf4 39. exf4 Bd4+ 40. Kf1 h4 41. Ke2 Kf6 42. Kd3 Bc5 43. Ke4 a5 44. Bc6 1/2-1/2

[Event "Oberliga Ost-B 1112"]
[Site "Germany"]
[Date "2011.10.23"]
[Round "3.8"]
[White "Luechtemeier, Peter"]
[Black "Escher, Helmut"]
[Result "1/2-1/2"]
[WhiteElo "2227"]
[BlackElo "2120"]
[PlyCount "53"]
[EventDate "2011.10.02"]
[EventType "team-tourn"]
[EventRounds "11"]
[EventCountry "GER"]
[SourceTitle "EXT 2013"]
[Source "ChessBase"]
[SourceDate "2012.11.22"]
[SourceVersion "1"]
[SourceVersionDate "2012.11.22"]
[SourceQuality "1"]
[WhiteTeam "Kassel"]
[BlackTeam "Oberursel"]
[WhiteTeamCountry "GER"]
[BlackTeamCountry "GER"]

1. c4 Nf6 2. Nc3 c5 3. g3 Nc6 4. Bg2 g6 5. Nf3 Bg7 6. 0-0 0-0 7. d4 cxd4 8. Nxd4 a6 9. Nc2 d6 10. b3 Be6 11. Qd2 Qc7 12. Bb2 Rfd8 13. Ne3 Rab8 14. Ncd5 Bxd5 15. cxd5 Na7 16. Bh3 Ne4 17. Qd3 Bxb2 18. Rab1 Ng5 19. Bg2 Qc3 20. Qxc3 Bxc3 21. h4 h6 22. hxg5 hxg5 23. Nc4 b5 24. Rfc1 Bb4 25. a3 bxc4 26. axb4 Rxb4 27. bxc4 1/2-1/2

[Event "Hessenliga 1011"]
[Site "Germany"]
[Date "2010.11.28"]
[Round "3.8"]
[White "Schmeltz, Gerd"]
[Black "Luechtemeier, Peter"]
[Result "0-1"]
[WhiteElo "2045"]
[BlackElo "2234"]
[PlyCount "79"]
[EventDate "2010.09.26"]
[EventType "team-tourn"]
[EventRounds "9"]
[EventCountry "GER"]
[SourceTitle "EXT 2012"]
[Source "ChessBase"]
[SourceDate "2011.11.24"]
[SourceVersion "1"]
[SourceVersionDate "2011.11.24"]
[SourceQuality "1"]
[WhiteTeam "Frankfurt BvK II"]
[BlackTeam "Kassel"]
[WhiteTeamCountry "GER"]
[BlackTeamCountry "GER"]

1. e4 c6 2. c4 d5 3. exd5 cxd5 4. d4 Nf6 5. Bf4 Nc6 6. Nc3 a6 7. a3 dxc4 8. d5 Na5 9. Nf3 g6 10. Ne5 Bg7 11. Bxc4 Nxc4 12. Nxc4 b5 13. Ne3 0-0 14. 0-0 e6 15. Be5 exd5 16. Nexd5 Bb7 17. Nxf6+ Bxf6 18. Re1 Bxe5 19. Rxe5 Qf6 20. Qe2 Qc6 21. f3 Rfe8 22. Re1 Qb6+ 23. Qf2 Rxe5 24. Rxe5 Qd6 25. Qe3 Bc6 26. Qc5 Qf6 27. Qd4 Kg7 28. Ne4 Rd8 29. Nxf6 Rxd4 30. Rc5 Bxf3 31. gxf3 Kxf6 32. Rc6+ Ke5 33. Rxa6 Rd1+ 34. Kf2 Rd2+ 35. Kg3 Rxb2 36. Ra5 Kd4 37. Ra7 Ra2 38. Rxf7 Rxa3 39. Rxh7 Ra6 40. Rb7 0-1

[Event "Vellmar op-A 2nd"]
[Site "Vellmar"]
[Date "2010.07.11"]
[Round "7"]
[White "Mueller, Fabian"]
[Black "Luechtemeier, Peter"]
[Result "1-0"]
[WhiteElo "2319"]
[BlackElo "2234"]
[PlyCount "85"]
[EventDate "2010.07.08"]
[EventType "swiss"]
[EventRounds "7"]
[EventCountry "GER"]
[SourceTitle "EXT 2011"]
[Source "ChessBase"]
[SourceDate "2010.11.26"]
[SourceVersion "1"]
[SourceVersionDate "2010.11.26"]
[SourceQuality "1"]

1. d4 d5 2. c4 c6 3. Nf3 Nf6 4. Nc3 a6 5. e3 Bg4 6. Qb3 Ra7 7. Ne5 Be6 8. c5 g6 9. f4 Bg7 10. Be2 0-0 11. 0-0 Nfd7 12. Nd3 b5 13. a4 Qc7 14. Bd2 Nf6 15. Qa3 Rb7 16. axb5 axb5 17. Nb4 Rd8 18. Qa5 Qd7 19. Rfc1 Rc8 20. Qa8 h5 21. Be1 Bf5 22. Ra3 Ne4 23. Nxe4 Bxe4 24. Rca1 Bf6 25. Qxb7 Qxb7 26. Ra7 Qxa7 27. Rxa7 Bf5 28. Ra8 Kf8 29. h3 h4 30. Bg4 Re8 31. Kf1 e6 32. Be2 Rd8 33. Bf2 Ke8 34. Ke1 Kd7 35. Ra7+ Ke8 36. Nxc6 Nxc6 37. Bxb5 Rc8 38. Ra8 Rxa8 39. Bxc6+ Kd8 40. Bxa8 Kc7 41. Kd2 g5 42. fxg5 Bxg5 43. g3 1-0

[Event "Hessenliga 0910"]
[Site "Germany"]
[Date "2010.04.18"]
[Round "9.6"]
[White "Luechtemeier, Peter"]
[Black "Hanemann, Ingo"]
[Result "1/2-1/2"]
[WhiteElo "2279"]
[BlackElo "2188"]
[PlyCount "24"]
[EventDate "2009.09.20"]
[EventType "team-tourn"]
[EventRounds "9"]
[EventCountry "GER"]
[SourceTitle "EXT 2011"]
[Source "ChessBase"]
[SourceDate "2010.11.26"]
[SourceVersion "1"]
[SourceVersionDate "2010.11.26"]
[SourceQuality "1"]
[WhiteTeam "Kassel"]
[BlackTeam "Bad Homburg"]
[WhiteTeamCountry "GER"]
[BlackTeamCountry "GER"]

1. d4 Nf6 2. Nf3 g6 3. g3 Bg7 4. Bg2 0-0 5. 0-0 d6 6. a4 a5 7. Re1 Nbd7 8. e4 e5 9. c3 Re8 10. Qc2 h6 11. h3 Re7 12. Na3 Ne8 1/2-1/2

[Event "Hessenliga 0910"]
[Site "Germany"]
[Date "2010.03.14"]
[Round "8.5"]
[White "Luechtemeier, Peter"]
[Black "Emmerich, Dirk"]
[Result "1/2-1/2"]
[WhiteElo "2279"]
[BlackElo "2222"]
[PlyCount "72"]
[EventDate "2009.09.20"]
[EventType "team-tourn"]
[EventRounds "9"]
[EventCountry "GER"]
[SourceTitle "EXT 2011"]
[Source "ChessBase"]
[SourceDate "2010.11.26"]
[SourceVersion "1"]
[SourceVersionDate "2010.11.26"]
[SourceQuality "1"]
[WhiteTeam "Kassel"]
[BlackTeam "Dotzheim"]
[WhiteTeamCountry "GER"]
[BlackTeamCountry "GER"]

1. d4 g6 2. Nf3 Bg7 3. g3 d6 4. Bg2 Nd7 5. 0-0 e5 6. c4 Qe7 7. Nc3 Ngf6 8. h3 h6 9. e4 0-0 10. Be3 c6 11. Qc2 Re8 12. Rfe1 a6 13. Rad1 b5 14. d5 cxd5 15. Nxd5 Nxd5 16. cxd5 Nf6 17. Nd2 Bd7 18. Nb3 a5 19. Qd2 a4 20. Na5 Rec8 21. Rc1 Qd8 22. Nc6 Qe8 23. Nb4 Rc4 24. f3 Nh5 25. Kh2 f5 26. Bf2 Kh7 27. Bf1 Rxc1 28. Rxc1 Bf6 29. Rc7 Bg5 30. Qc2 Kh8 31. Nc6 Rc8 32. Rxc8 Qxc8 33. Nb4 Qd8 34. Nc6 Qc8 35. Nb4 Qd8 36. Nc6 Qc8 1/2-1/2

[Event "Hessenliga 0910"]
[Site "Germany"]
[Date "2009.11.29"]
[Round "4.5"]
[White "Luechtemeier, Peter"]
[Black "Wind, Lutz"]
[Result "0-1"]
[WhiteElo "2279"]
[BlackElo "2159"]
[PlyCount "48"]
[EventDate "2009.09.20"]
[EventType "team-tourn"]
[EventRounds "9"]
[EventCountry "GER"]
[SourceTitle "EXT 2011"]
[Source "ChessBase"]
[SourceDate "2010.11.26"]
[SourceVersion "1"]
[SourceVersionDate "2010.11.26"]
[SourceQuality "1"]
[WhiteTeam "Kassel"]
[BlackTeam "Lorsch"]
[WhiteTeamCountry "GER"]
[BlackTeamCountry "GER"]

1. d4 Nf6 2. c4 g6 3. Nf3 Bg7 4. g3 0-0 5. Bg2 d6 6. Nc3 Nbd7 7. 0-0 e5 8. e4 a6 9. h3 b5 10. cxb5 axb5 11. Re1 c6 12. b4 Bb7 13. Be3 Ra3 14. Qc2 Re8 15. d5 Qa8 16. Rac1 Rc8 17. Qd1 Qa6 18. Bf1 Rxc3 19. Rxc3 Nxe4 20. Rc1 Ndf6 21. Ng5 Nxg5 22. dxc6 Nxh3+ 23. Bxh3 Rxc6 24. Bd7 Nxd7 0-1

[Event "Hessenliga 0910"]
[Site "Germany"]
[Date "2009.11.01"]
[Round "3.6"]
[White "Luechtemeier, Peter"]
[Black "Hock, Gerold"]
[Result "1/2-1/2"]
[WhiteElo "2279"]
[BlackElo "2082"]
[PlyCount "85"]
[EventDate "2009.09.20"]
[EventType "team-tourn"]
[EventRounds "9"]
[EventCountry "GER"]
[SourceTitle "EXT 2011"]
[Source "ChessBase"]
[SourceDate "2010.11.26"]
[SourceVersion "1"]
[SourceVersionDate "2010.11.26"]
[SourceQuality "1"]
[WhiteTeam "Kassel"]
[BlackTeam "Dettingen"]
[WhiteTeamCountry "GER"]
[BlackTeamCountry "GER"]

1. d4 Nf6 2. c4 e5 3. dxe5 Ng4 4. Bf4 Bb4+ 5. Nd2 Nc6 6. Ngf3 Qe7 7. a3 Ngxe5 8. Nxe5 Nxe5 9. e3 Bxd2+ 10. Qxd2 d6 11. Be2 0-0 12. 0-0 b6 13. b4 Bb7 14. c5 dxc5 15. bxc5 Rfd8 16. Qc3 Rd5 17. cxb6 cxb6 18. Rfd1 Rc5 19. Qb4 Rac8 20. Bg3 h6 21. Rac1 Nd3 22. Rxc5 Nxb4 23. Rxc8+ Bxc8 24. axb4 Bb7 25. b5 Kh7 26. h3 Be4 27. Rc1 Qa3 28. Rd1 Qb3 29. Rd4 Bf5 30. Kh2 Kg6 31. Rd6+ Be6 32. Rd4 Kf6 33. Rf4+ Ke7 34. Rd4 Qa3 35. Bh4+ g5 36. Bg3 Qa2 37. Bd3 h5 38. h4 f6 39. Bd6+ Kf7 40. Bg3 Ke7 41. Bd6+ Kf7 42. Bg3 Ke7 43. Bd6+ 1/2-1/2

[Event "Vellmar op 1st"]
[Site "Vellmar"]
[Date "2009.08.02"]
[Round "7"]
[White "Markgraf, Alexander"]
[Black "Luechtemeier, Peter"]
[Result "1/2-1/2"]
[WhiteElo "2463"]
[BlackElo "2279"]
[PlyCount "25"]
[EventDate "2009.07.30"]
[EventType "swiss"]
[EventRounds "7"]
[EventCountry "GER"]
[SourceTitle "EXT 2018"]
[Source "ChessBase"]
[SourceDate "2017.10.13"]
[SourceVersion "1"]
[SourceVersionDate "2017.10.13"]
[SourceQuality "1"]

1. e4 c6 2. d4 d5 3. e5 c5 4. Nf3 Nc6 5. c4 e6 6. Nc3 cxd4 7. Nxd4 Bc5 8. Nxc6 bxc6 9. Qg4 Kf8 10. Bd3 Ne7 11. cxd5 Nxd5 12. Qc4 Qa5 13. 0-0 1/2-1/2

[Event "Vellmar op 1st"]
[Site "Vellmar"]
[Date "2009.08.01"]
[Round "5"]
[White "Kartsev, Alexandr"]
[Black "Luechtemeier, Peter"]
[Result "1/2-1/2"]
[WhiteElo "2067"]
[BlackElo "2279"]
[PlyCount "65"]
[EventDate "2009.07.30"]
[EventType "swiss"]
[EventRounds "7"]
[EventCountry "GER"]
[SourceTitle "EXT 2018"]
[Source "ChessBase"]
[SourceDate "2017.10.13"]
[SourceVersion "1"]
[SourceVersionDate "2017.10.13"]
[SourceQuality "1"]

1. d4 d5 2. c4 c6 3. Nf3 Nf6 4. e3 e6 5. Nc3 Nbd7 6. Qc2 Bd6 7. g4 h6 8. Rg1 Qe7 9. h4 dxc4 10. Bxc4 Nd5 11. Bd2 N7b6 12. Be2 Nxc3 13. Qxc3 Nd5 14. Qb3 Bb4 15. 0-0-0 Bxd2+ 16. Rxd2 Qb4 17. Qxb4 Nxb4 18. a3 Nd5 19. g5 hxg5 20. hxg5 b6 21. Rc2 Bb7 22. b4 Ne7 23. Ne5 f6 24. Nc4 Kd7 25. Bf3 Ba6 26. Kd2 Bxc4 27. Rxc4 Rac8 28. Rgc1 Rh2 29. Ke2 f5 30. Rh1 Rch8 31. Rxh2 Rxh2 32. a4 a6 33. a5 1/2-1/2